Objetos en Banderas Nacionales - Estadísticas

Estadísticas generales
  • Esta prueba ha sido intentada 81 veces
  • La puntuación promedio es 9 de 10
Estadísticas de respuestas
Pregunta Respuesta % Correcto
¿La bandera de cuál de los siguientes países tiene un SOL? Argentina
100%
¿La bandera de cuál de los siguientes países tiene una HOJA? Canadá
100%
¿La bandera de cuál de los siguientes países tiene un DRAGÓN? Bután
93%
¿La bandera de cuál de los siguientes países tiene un TEMPLO? Camboya
93%
¿La bandera de cuál de los siguientes países tiene el MAPA DE SU TERRITORIO? Chipre
93%
¿La bandera de cuál de los siguientes países tiene un ÁRBOL? Líbano
93%
¿La bandera de cuál de los siguientes países tiene un TRIDENTE? Barbados
86%
¿La bandera de cuál de los siguientes países tiene una LUNA? Pakistán
86%
¿La bandera de cuál de los siguientes países tiene una CRUZ? Suiza
86%
¿La bandera de cuál de los siguientes países tiene un GORRO? Lesoto
79%
No se encontraron pruebas coincidentes
Distribución de puntuación
Porcentaje de gente con cada puntuación
Porcentaje por número respondido
Historial de tus puntuaciones
No has intentado esta prueba.